Stati più densamente popolati - Statistics

Statistiche generali
  • Questo quiz è stato fatto 183 volte
  • Il punteggio medio è 13 su 25
Statistiche sulle risposte
# Risposta Densita (ab.\km2) % Corretto
19 India 385
87%
1 Principato di Monaco 18192
84%
3 Città del Vaticano 2118
82%
11 San Marino 531
80%
25 Giappone 335
79%
7 Bangladesh 1092
73%
2 Singapore 8140
67%
5 Malta 1267
65%
12 Corea del Sud 496
62%
8 Taiwan 645
55%
23 Belgio 351
50%
16 Israele 402
50%
6 Maldive 1147
48%
18 Paesi Bassi 388
47%
22 Haiti 360
46%
4 Bahrein 1682
45%
14 Libano 404
44%
10 Mauritius 608
41%
13 Nauru 488
41%
9 Barbados 636
36%
21 Burundi 374
36%
20 Tuvalu 378
36%
17 Isole Marshall 398
35%
24 Comore 339
30%
15 Ruanda 403
30%
Nessun quiz corrispondente trovato
Distribuzione punteggi
Percentuale di utenti per punteggio
Percentile per numero di risposta
I tuoi punteggi nel tempo
Non hai fatto questo quiz